[Event "RA-2014-0-00326"]
[Site "LSS email"]
[Date "2014.05.24"]
[Round "?"]
[White "Eshuis, Johannes"]
[Black "Willmann, Bernd"]
[Result "1/2-1/2"]
[WhiteElo "2141"]
[BlackElo "2162"]
[PlyCount "41"]
[EventDate "2014.04.27"]
[EventType "tourn (corr)"]
[EventRounds "6"]
[EventCountry "GER"]
[SourceTitle "Corr 2022"]
[Source "ChessBase"]
[SourceDate "2021.10.24"]
[SourceVersion "1"]
[SourceVersionDate "2021.10.24"]
[SourceQuality "1"]

1. Nf3 Nf6 2. c4 c5 3. Nc3 Nc6 4. e3 e6 5. d4 d5 6. cxd5 exd5 7. Bb5 Bd6 8. 0-0 0-0 9. dxc5 Bxc5 10. b3 a6 11. Bxc6 bxc6 12. Bb2 Bd6 13. Rc1 Bb7 14. Na4 Ne4 15. Qd4 f6 16. Nd2 Re8 17. Nxe4 Rxe4 18. Qd3 a5 19. Rfd1 Rh4 20. g3 Rh6 21. Nc5 1/2-1/2

[Event "RA-2014-0-00326"]
[Site "LSS email"]
[Date "2014.05.24"]
[Round "?"]
[White "Kudr, Roman"]
[Black "Eshuis, Johannes"]
[Result "1-0"]
[WhiteElo "2239"]
[BlackElo "2141"]
[PlyCount "63"]
[EventDate "2014.04.27"]
[EventType "tourn (corr)"]
[EventRounds "6"]
[EventCountry "GER"]
[SourceTitle "Corr 2022"]
[Source "ChessBase"]
[SourceDate "2021.10.24"]
[SourceVersion "1"]
[SourceVersionDate "2021.10.24"]
[SourceQuality "1"]

1. Nf3 c5 2. c4 Nf6 3. Nc3 e6 4. g3 b6 5. Bg2 Bb7 6. 0-0 Be7 7. d4 cxd4 8. Qxd4 Nc6 9. Qf4 0-0 10. Rd1 Bc5 11. Be3 Bxe3 12. Qxe3 Qe7 13. Nd4 Nxd4 14. Bxb7 Nc2 15. Qf3 Rad8 16. Rac1 Nb4 17. Qe3 Nc6 18. Nb5 Rb8 19. Nd6 Ne8 20. c5 bxc5 21. Nc8 Rxc8 22. Bxc8 d6 23. Ba6 Nf6 24. a3 Rb8 25. b4 Rb6 26. Rxd6 Rxa6 27. Qxc5 Ne4 28. Qc4 Nxd6 29. Qxa6 Ne5 30. Rc5 f6 31. Qa5 Ne8 32. Rc8 1-0

[Event "BI-2014-P-0034"]
[Site "LSS email"]
[Date "2014.04.19"]
[Round "?"]
[White "Couspeyre, Thierry"]
[Black "Eshuis, Johannes"]
[Result "0-1"]
[WhiteElo "1175"]
[BlackElo "2055"]
[PlyCount "58"]
[EventDate "2014.04.25"]
[EventType "tourn (corr)"]
[EventRounds "10"]
[EventCountry "GER"]
[SourceTitle "Corr 2015"]
[Source "ChessBase"]
[SourceDate "2015.07.17"]
[SourceVersion "1"]
[SourceVersionDate "2015.07.17"]
[SourceQuality "1"]

1. d4 d5 2. c4 c6 3. e3 Nf6 4. Nc3 e6 5. Nf3 Nbd7 6. Bd3 dxc4 7. Bxc4 b5 8. Bd3 a6 9. 0-0 Bb7 10. Bd2 c5 11. Rc1 Bd6 12. a3 0-0 13. Re1 Rc8 14. e4 cxd4 15. Nxd4 Ne5 16. Bb1 Nc4 17. Bg5 h6 18. Bh4 Nxb2 19. Qc2 Be5 20. Ndxb5 axb5 21. Qxb2 Qa5 22. Bxf6 gxf6 23. Re3 Rfd8 24. Kf1 Rd7 25. Rh3 Rdc7 26. Qe2 Qxa3 27. Rd1 Rxc3 28. Rxh6 f5 29. exf5 Rc1 0-1